000 00984nam a2200217 4500
001 85492
003 BD-RjUL
005 20250810120053.0
008 250810s1961 pk ||||| |||| 00| 0 urd d
035 _a(BD-RjUL) 85492
040 _aBD-RjUL
_beng
_cBD-RjUL
041 _aurd
082 _223
_a891.43909
_bADR 1961
100 _aحسين، سيد لطيف ;; Adīb., Sayyīd Laṭīf. Ḥusain
_916542
245 1 0 _aرتن ناتھ سرشار کى ناول نگارى / Ratan Nāth Sarshār kī nāvil nigārī /
_cسيد لطيف حسين اديب., . / Sayyid Lat̤īf Ḥusain Adīb.,
260 _aKarācī:
_bکل پاکستان انجمن ترقئ ٱردو، Kul Pākistān Anjuman Taraqqī-yi Urdū
_c 1961
490 _aSilsilah-yi mat̤būʻāt Anjuman Taraqqī-yi Urdū;
_vnambar 295
600 _aSarshār, Ratan
_d 1846-1902
_x Criticism and interpretation
_916543
830 _aSilsilah-yi mat̤būʻāt Anjuman Taraqqī-yi Urdū, ;
_vnambar 295
_916544
942 _2ddc
_cBK
999 _c85492
_d85492